Higher Engineering Mathematics (Record no. 216313)
[ view plain ]
| 000 -LEADER | |
|---|---|
| fixed length control field | 00490nam a2200181Ia 4500 |
| 008 - FIXED-LENGTH DATA ELEMENTS--GENERAL INFORMATION | |
| fixed length control field | 230714s9999 xx 000 0 und d |
| 020 ## - INTERNATIONAL STANDARD BOOK NUMBER | |
| International Standard Book Number | 9790000000000 |
| 041 ## - LANGUAGE CODE | |
| Language code of text/sound track or separate title | eng |
| 082 ## - DEWEY DECIMAL CLASSIFICATION NUMBER | |
| Classification number | 510.620 |
| Item number | DAS |
| 100 ## - MAIN ENTRY--PERSONAL NAME | |
| Personal name | Dass H.K. |
| 245 ## - TITLE STATEMENT | |
| Title | Higher Engineering Mathematics |
| 250 ## - EDITION STATEMENT | |
| Edition statement | Revised 3rd ed. |
| 260 ## - PUBLICATION, DISTRIBUTION, ETC. (IMPRINT) | |
| Date of publication, distribution, etc. | 2014 |
| Name of publisher, distributor, etc. | S. Chand |
| 300 ## - PHYSICAL DESCRIPTION | |
| Extent | 1714 |
| 365 ## - TRADE PRICE | |
| Currency code | Rs. |
| Price amount | 950.00 |
| 700 ## - ADDED ENTRY--PERSONAL NAME | |
| Personal name | Dass H.K. & Verma R. |
| 9 (RLIN) | 198158 |
| 906 ## - LOCAL DATA ELEMENT F, LDF (RLIN) | |
| d | O:0478404-Dec-2015B:SE/SI/252513-Oct-2015 |
| c | ALLIED |
| b | 836 |
No items available.